[Event "Open"]
[Site "Karvina CZE"]
[Date "2001.07.07"]
[Round "8"]
[White "Sikora Lerch,J"]
[Black "Holeksa,Z"]
[Result "1-0"]
[WhiteElo "2285"]
[BlackElo "2136"]

1.e4 c5 2.Nf3 d6 3.d4 cxd4 4.Nxd4 Nf6 5.Nc3 a6 6.Be3 e6 7.g4 b5 8.g5 b4 9.gxf6 bxc3
10.fxg7 Bxg7 11.bxc3 Qh4 12.Rg1 Bf6 13.Qf3 Bd8 14.Rg4 Qe7 15.Bg5 Qd7 16.Bxd8 Qxd8
17.Rg7 Ra7 18.Rb1 Kf8 19.Rg3 Bd7 20.Bh3 Nc6 21.Qe3 Qc7 22.Nxc6 Bxc6 23.Bxe6 Rb7
24.Rxb7 Qxb7 25.Qd4 Bxe4 26.Qxh8+ Ke7 27.Bb3  1-0

[Event "FSIMA July"]
[Site "Budapest HUN"]
[Date "2001.07.09"]
[Round "8"]
[White "Bjornsson,S"]
[Black "Desmarais,C"]
[Result "1/2-1/2"]
[WhiteElo "2297"]
[BlackElo "2180"]

1.e4 c5 2.Nf3 d6 3.d4 cxd4 4.Nxd4 Nf6 5.Nc3 a6 6.Be3 e5 7.Nb3 Be6 8.f3 Be7
9.Qd2 O-O 10.g4 d5 11.g5 Nxe4 12.Nxe4 dxe4 13.fxe4 Qxd2+ 14.Bxd2 Nc6 15.O-O-O Rac8
16.Rg1 Nb4 17.Bxb4 Bxb4 18.Rg3 Be7 19.h4 g6 20.Bh3 Bxh3 21.Rxh3 Rfd8 22.Rhd3 Rxd3
23.Rxd3 Rc7 24.Nd2 f6 25.Nf3 Kf7 26.b3 Ke6 27.gxf6 Bxf6 28.Kd2 h6 29.c4 g5
30.h5 g4 31.Nh2 Rg7 32.Rg3 Rg5 33.Nxg4 Rxh5 34.Nxf6 Kxf6 35.Rg8 Rh2+ 36.Kd3 b5
37.cxb5 axb5 38.Rf8+ Ke6 39.Rb8 Rxa2 40.Rb6+ Kf7 41.Rxh6 Rb2 42.Kc3 Re2 43.Kd3 Rb2
44.Kc3 Re2 45.Kb4 Re3 46.Rc6 Ke7 47.Rc2 Kd6 48.Rh2 Rxe4+ 49.Kxb5 Kd5 50.b4 Kd4
51.Kc6 Kc3 52.b5 Rc4+ 53.Kb7 Rb4 54.b6 e4 55.Kc7 e3 56.b7 Rc4+ 57.Kd8 Rd4+
58.Kc8  1/2-1/2

[Event "Heart of Finland Open"]
[Site "Jyvaskyla FIN"]
[Date "2001.07.10"]
[Round "4"]
[White "Rytshagov,M"]
[Black "Paasikangas,J"]
[Result "1-0"]
[WhiteElo "2501"]
[BlackElo "2315"]

1.e4 c5 2.Nf3 d6 3.d4 cxd4 4.Nxd4 Nf6 5.Nc3 a6 6.Be3 e6 7.f3 Nc6 8.g4 h6
9.Qd2 Qc7 10.O-O-O b5 11.Bd3 b4 12.Nce2 Rb8 13.Nxc6 Qxc6 14.Nd4 Qc7 15.h4 Nd7
16.b3 Ne5 17.Be2 Nc6 18.f4 Bd7 19.Kb1 Nxd4 20.Bxd4 Bb5 21.Bxb5+ Rxb5 22.Rh3 Rb8
23.c3 a5 24.cxb4 axb4 25.Rc1 Qd7 26.Rd3 Qb7 27.Qe2 Qb5 28.Rc4 Rg8 29.Rd2 Rd8
30.Bb2 Be7 31.g5 Kf8 32.Qf3 Ke8 33.Rc1 Qb7 34.Rg1 Kd7 35.Rc2 Qa7 36.Rd1 Ra8
37.Bd4 Qa6 38.Rdd2 Qb7 39.Qd3 Ra6 40.Rg2 Raa8 41.Rc4 hxg5 42.hxg5 g6 43.Rgc2 Rgc8
44.Bc5 Rh8 45.Bxb4 Rh1+ 46.Kb2 Qa7 47.Rc7+ Qxc7 48.Qb5+  1-0

[Event "SCCF State Ch"]
[Site "Los Angeles USA"]
[Date "2001.07.14"]
[Round "2"]
[White "Peters,Joh"]
[Black "Matikozian,A"]
[Result "0-1"]
[WhiteElo "2462"]
[BlackElo "2406"]

1.e4 c5 2.Nf3 d6 3.d4 cxd4 4.Nxd4 Nf6 5.Nc3 a6 6.Be3 e5 7.Nb3 Be6 8.f3 Nbd7
9.Qd2 b5 10.g4 Nb6 11.Qf2 Nfd7 12.O-O-O Rc8 13.Nd5 Bxd5 14.exd5 Nc4 15.h4 Be7
16.Bxc4 bxc4 17.Na1 c3 18.Nb3 Qc7 19.g5 a5 20.bxc3 a4 21.Nd2 Qxc3 22.Nb1 Qa1
23.a3 Bd8 24.Qe2 Rb8 25.Kd2 Ba5+ 26.Kd3 e4+ 27.Kxe4 Qe5+ 28.Kd3 Qf5+ 29.Kd4 O-O
30.Nd2 Qxc2  0-1

[Event "ch-SUI"]
[Site "Scuol SUI"]
[Date "2001.07.14"]
[Round "3"]
[White "Gallagher,Jo"]
[Black "Moor,R"]
[Result "1/2-1/2"]
[WhiteElo "2516"]
[BlackElo "2367"]

1.e4 c5 2.Nf3 d6 3.d4 cxd4 4.Nxd4 Nf6 5.Nc3 a6 6.Be3 g6 7.f3 b5 8.Qd2 Bb7
9.g4 Bg7 10.O-O-O Qc7 11.h4 Nbd7 12.a3 Ne5 13.h5 Rg8 14.hxg6 hxg6 15.Kb1 Nfd7
16.Rh7 Nc4 17.Bxc4 Qxc4 18.Qh2 O-O-O 19.Qd2 Bxd4 20.Qxd4 Qxd4 21.Bxd4 Rgf8
22.g5 Rde8 23.Rg7 Nb8 24.Rh1 Nc6 25.Be3 Nd8 26.Rgh7 Ne6 27.Nd5 Bxd5 28.exd5 Nc7
29.Rd1 Kd7 30.Bb6 e6 31.Bxc7 Kxc7 32.dxe6 Rxe6 33.f4 Kc6 34.Rf1 Kd7 35.f5 gxf5
36.Rxf5 Ke7 37.Rf4 Re1+ 38.Ka2 Rg1 39.Rf5 Ke6 40.Rf6+ Ke7 41.Rhh6 Rd8 42.Rf5 Rg8
43.Rh7 Rf8 44.Rg7 Rg4 45.c3 Rg2 46.Rf4 Ke6 47.Kb3 Rh8 48.Rgxf7 Rhh2 49.Kb4 Rxg5
50.b3 Rc5 51.R7f6+  1/2-1/2

[Event "Asian U20"]
[Site "Tehran IRI"]
[Date "2001.07.14"]
[Round "2"]
[White "Ahmad,Az"]
[Black "Akbarinia,S"]
[Result "1-0"]
[WhiteElo "2328"]
[BlackElo "2233"]

1.e4 c5 2.Nf3 d6 3.d4 cxd4 4.Nxd4 Nf6 5.Nc3 a6 6.Be3 e5 7.Nb3 Be6 8.f3 Qc7
9.Qd2 Nbd7 10.O-O-O Rc8 11.Kb1 b5 12.g4 Nb6 13.Bxb6 Qxb6 14.Nd5 Bxd5 15.exd5 Be7
16.Bd3 O-O 17.h4 Rc7 18.h5 Nxd5 19.Bxh7+ Kxh7 20.Qxd5 Qc6 21.Qe4+ Kg8 22.Rd5 Rfc8
23.c3 Qa8 24.Qd3 Qa7 25.Rd1 Qb6 26.Nd2 b4 27.c4 a5 28.Rb5 Qa6 29.Qd5 Rc5
30.Qb7 Qxb7 31.Rxb7 Bf8 32.Rd7 a4 33.g5 e4 34.Nxe4 Rxc4 35.g6 fxg6 36.hxg6 R8c6
37.Ng5 Rf4 38.Rh1 d5 39.Nf7  1-0

[Event "ch-SUI"]
[Site "Scuol SUI"]
[Date "2001.07.15"]
[Round "4"]
[White "Fierz,M"]
[Black "Nemet,I"]
[Result "0-1"]
[WhiteElo "2233"]
[BlackElo "2427"]

1.e4 c5 2.Nf3 d6 3.d4 cxd4 4.Nxd4 Nf6 5.Nc3 a6 6.Be3 e5 7.Nb3 Be6 8.f3 h5
9.Nd5 Bxd5 10.exd5 Nbd7 11.Qd2 Qc7 12.O-O-O Nb6 13.Bxb6 Qxb6 14.Kb1 g6 15.g3 Bh6
16.Qd3 O-O 17.h4 e4 18.fxe4 Ng4 19.Bh3 Nf2 20.Qf1 Rfe8 21.Re1 Nxh1 22.Qxh1 a5
23.Nc1 Bxc1  0-1

[Event "EuChJun Girls"]
[Site "Patras GRE"]
[Date "2001.07.17"]
[Round "2"]
[White "Zakurdjaeva,I"]
[Black "Sperdokli,E"]
[Result "1-0"]
[WhiteElo "2264"]
[BlackElo "2141"]

1.e4 c5 2.Nf3 d6 3.d4 cxd4 4.Nxd4 Nf6 5.Nc3 a6 6.Be3 Ng4 7.Bg5 h6 8.Bh4 g5
9.Bg3 Bg7 10.h3 Ne5 11.f3 Nbc6 12.Bf2 Bd7 13.Qd2 Rb8 14.h4 Ng6 15.hxg5 hxg5
16.Rxh8+ Bxh8 17.O-O-O Qa5 18.Bc4 Qb4 19.Nxc6 bxc6 20.Bb3 Bxc3 21.Qxc3 Qxc3
22.bxc3 Kf8 23.Ba7 Rb7 24.Be3 f6 25.g3 Ne5 26.f4 Ng4 27.Bd2 Nf2 28.Re1 gxf4
29.gxf4 f5 30.e5 Ne4 31.Be3 Nxc3 32.Bd4 Nd5 33.Rh1 Be6 34.Rh8+ Kf7 35.exd6 Nxf4
36.Rh7+ Ke8 37.Bc5 Bxb3 38.axb3 Nd5 39.c4 Nf6 40.Rh8+ Kf7 41.dxe7  1-0

[Event "ch-SUI"]
[Site "Scuol SUI"]
[Date "2001.07.17"]
[Round "6"]
[White "Gerber,R"]
[Black "Nemet,I"]
[Result "0-1"]
[WhiteElo "2417"]
[BlackElo "2427"]

1.e4 c5 2.Nf3 d6 3.d4 cxd4 4.Nxd4 Nf6 5.Nc3 a6 6.Be3 e5 7.Nb3 Be6 8.f3 h5
9.Qd2 Nbd7 10.O-O-O Rc8 11.Kb1 Be7 12.Bd3 b5 13.h3 h4 14.f4 b4 15.Na4 O-O
16.f5 Bc4 17.Qxb4 d5 18.Qe1 d4 19.Nxd4 exd4 20.Bxd4 Qc7 21.Nc3 Bxd3 22.cxd3 Qd6
23.Qe3 Ne5 24.Ne2 Nh7 25.Qf4 Bf6 26.Bc3 Qe7 27.d4 Nc4 28.e5 Bg5 29.Qf3 Rfe8
30.Rhe1 Rb8 31.Ka1 Qb7 32.Rd3 Qb5 33.Rdd1 Bd2 34.Rxd2 Nxd2 35.Qf4 Nc4 36.f6 gxf6
37.Qg4+ Kh8 38.Nf4 Rg8 39.Qxh4 Nxb2 40.Rb1 Qc4 41.Bxb2 Rxb2 42.Rxb2 Qc1+
43.Rb1 Qc3+ 44.Rb2 Rb8 45.Nd3 Rxb2 46.Nxb2 Qc1+  0-1

[Event "16th Maccabia GM"]
[Site "Tel Aviv ISR"]
[Date "2001.07.17"]
[Round "3"]
[White "Bitansky,I"]
[Black "Kaspi,A"]
[Result "0-1"]
[WhiteElo "2363"]
[BlackElo "2446"]

1.e4 c5 2.Nc3 d6 3.Nf3 Nf6 4.d4 cxd4 5.Nxd4 a6 6.Be3 e5 7.Nb3 Be6 8.f3 Nbd7
9.Qd2 h6 10.g4 b5 11.O-O-O Nb6 12.Qf2 Nfd7 13.Kb1 Rc8 14.Nd5 Bxd5 15.exd5 Nc4
16.Bc1 g6 17.f4 exf4 18.Nd4 Nce5 19.h4 Nxg4 20.Qxf4 h5 21.Nc6 Qc7 22.Bh3 Bg7
23.Bxg4 hxg4 24.Qxg4 Ne5 25.Qe2 Kf8 26.Bg5 Nxc6 27.dxc6 Qxc6 28.Be7+ Kg8
29.Bxd6 Rh5 30.Rh3 Re8 31.Re3 Rxe3 32.Qxe3 Rxh4 33.a3 Rh1 34.Qd3 Rxd1+ 35.Qxd1 Qd7
36.Qd2 Be5 37.Bb4 Qxd2 38.Bxd2 f5 39.b3 Kf7 40.c4 bxc4 41.bxc4 Bd6 42.Kb2 f4
43.c5 f3 44.Be3 Bg3 45.c6 Ke6  0-1

[Event "Dutch Open"]
[Site "Dieren NED"]
[Date "2001.07.18"]
[Round "2"]
[White "Hamelink,D"]
[Black "Wemmers,X"]
[Result "0-1"]
[WhiteElo "2072"]
[BlackElo "2315"]

1.e4 c5 2.Nf3 d6 3.d4 cxd4 4.Nxd4 Nf6 5.Nc3 a6 6.Be3 e5 7.Nb3 Be6 8.f4 Ng4
9.Qd2 Nxe3 10.Qxe3 exf4 11.Qxf4 Be7 12.Nd4 O-O 13.h4 Bf6 14.O-O-O Be5 15.Qd2 Nc6
16.Nf3 Qa5 17.Nxe5 dxe5 18.Kb1 Rad8 19.Nd5 Bxd5 20.Qxa5 Bxa2+ 21.Kxa2 Nxa5
22.Be2 Nc6 23.c3 Rxd1 24.Bxd1 Rd8 25.Bb3 Kf8 26.Bd5 Rd7 27.Rf1 f6 28.h5 h6
29.Kb3 Ne7 30.c4 Nxd5 31.cxd5 Rc7 32.Rf3 b5 33.Rc3 Rxc3+ 34.bxc3 f5 35.exf5 a5
36.g4 e4 37.g5 e3 38.Kc2 e2 39.Kd2 a4 40.f6 a3 41.d6 a2 42.d7 e1=Q+  0-1

[Event "Dutch Open"]
[Site "Dieren NED"]
[Date "2001.07.18"]
[Round "2"]
[White "Vink,N"]
[Black "Lahaye,R"]
[Result "1-0"]
[WhiteElo "2281"]
[BlackElo "2177"]

1.e4 c5 2.Nf3 d6 3.d4 cxd4 4.Nxd4 Nf6 5.Nc3 a6 6.Be3 e5 7.Nf3 Qc7 8.a4 b6
9.Bd3 Bb7 10.Bg5 Nbd7 11.Qe2 Be7 12.O-O O-O 13.Nd2 Nc5 14.Nc4 Ne6 15.Be3 Nd4
16.Bxd4 exd4 17.Nd5 Nxd5 18.exd5 g6 19.Nxb6 Qxb6 20.Qxe7 Bxd5 21.b3 Qc6 22.f3 Rfe8
23.Qf6 Re5 24.a5 Rae8 25.Qh4 Qc3 26.Ra4 Bxb3 27.Qxd4 Qxd4+ 28.Rxd4 Be6 29.Ra1 Rc5
30.Rxd6 Bc4 31.Be4 f5 32.Bb7 Re2 33.c3 Rc7 34.Rb1 Ba2 35.Bxa6 Re8 36.Ra1 Bc4
37.Rd7 Rxd7 38.Bxc4+ Kf8 39.Bb5 Ra7 40.Bxe8 Kxe8 41.a6 Kd7 42.Kf2 Kc6 43.Ke3 Kc5
44.Kf4 Kc4 45.Ra3 Kc5 46.h4  1-0

[Event "Dutch Open"]
[Site "Dieren NED"]
[Date "2001.07.19"]
[Round "3"]
[White "Meijers,V"]
[Black "Dvoirys,S"]
[Result "0-1"]
[WhiteElo "2449"]
[BlackElo "2578"]

1.e4 c5 2.Nf3 d6 3.d4 cxd4 4.Nxd4 Nf6 5.Nc3 a6 6.Be3 e5 7.Nf3 Be7 8.a4 O-O
9.a5 Nbd7 10.Nd2 b5 11.axb6 Nxb6 12.Bxb6 Qxb6 13.Nc4 Qb8 14.Be2 Be6 15.O-O Nxe4
16.Nxe4 d5 17.Na5 dxe4 18.Nc6 Qc7 19.Nxe7+ Qxe7 20.Rxa6 Qb4 21.b3 Rxa6 22.Bxa6 f5
23.Qe2 Rd8 24.Rd1 Rd4 25.h3 Qc3 26.Kh2 g6 27.Kg1 Kf7 28.Kh2 Ke7 29.Kg1 Kf6
30.Kh2 f4 31.Rxd4 Qxd4 32.Bb7 Bf5 33.Ba6 h5 34.Bb5 h4 35.Ba6 e3 36.fxe3 Qxe3
37.Qxe3 fxe3 38.c3 Bc2 39.b4 e4 40.Kg1 Bd3 41.Bxd3 exd3 42.Kf1 Ke5 43.b5 Kd5
44.c4+ Kxc4 45.b6 Kc3 46.b7 Kd2  0-1

[Event "16th Maccabia GM"]
[Site "Tel Aviv ISR"]
[Date "2001.07.19"]
[Round "5"]
[White "Golod,V"]
[Black "Kaspi,A"]
[Result "1-0"]
[WhiteElo "2514"]
[BlackElo "2446"]

1.e4 c5 2.Nf3 d6 3.d4 cxd4 4.Nxd4 Nf6 5.Nc3 a6 6.Be3 e5 7.Nb3 Be6 8.Qd2 Nbd7
9.f3 h5 10.O-O-O Qc7 11.Kb1 Be7 12.g3 O-O-O 13.Nd5 Nxd5 14.exd5 Bf5 15.Bd3 Bh3
16.Na5 Nc5 17.Rc1 Kb8 18.b4 Na4 19.c4 Rc8 20.Bc2 Bd7 21.Bb3 Bf6 22.Rhd1 g6
23.Nc6+ bxc6 24.Bxa4 Bf5+ 25.Bc2 Qd7 26.Be4 Bxe4+ 27.fxe4 Qg4 28.Qd3 Be7
29.dxc6 Rxc6 30.b5 axb5 31.cxb5 Rxc1+ 32.Rxc1 Rc8 33.Rxc8+ Qxc8 34.a4 Qc7
35.Kb2 Qa5 36.Qc4 Bd8 37.Kb3 Qe1 38.Qd3 d5 39.exd5 Ba5 40.Bc5 e4 41.Qc2 e3
42.b6 Kb7 43.d6 Qh1 44.Bxe3 Bxb6 45.Bxb6 Kxb6 46.Qc7+ Ka6 47.Qc4+ Kb6 48.Qb5+ Ka7
49.d7 Qb1+ 50.Kc4 Qe4+ 51.Kc5 Qe5+ 52.Kc6 Qf6+ 53.Kc7 Qc3+ 54.Kd8 f5 55.Ke7 Qg7+
56.Ke6 Qg8+ 57.Kd6  1-0

[Event "Zhong Hong Real Estate Cup"]
[Site "Beijing CHN"]
[Date "2001.07.20"]
[Round "1"]
[White "Li Shilong"]
[Black "Wang Pin"]
[Result "1-0"]
[WhiteElo "2486"]
[BlackElo "2504"]

1.e4 c5 2.Nf3 d6 3.d4 cxd4 4.Nxd4 Nf6 5.Nc3 a6 6.Be3 e6 7.f4 Nbd7 8.Qf3 Qc7
9.g4 Nc5 10.g5 Nfd7 11.h4 b5 12.a3 Bb7 13.h5 Nb6 14.O-O-O Nba4 15.Nde2 Rc8
16.Bxc5 Qxc5 17.Rd2 d5 18.Nxa4 bxa4 19.Ng3 Be7 20.Bd3 Qb6 21.Re1 O-O 22.h6 g6
23.exd5 Bxd5 24.Be4 Bxe4 25.Qxe4 Rc6 26.Qxa4 Rb8 27.Qd4 Qxd4 28.Rxd4 Bc5
29.Rd3 Bd6 30.Rf1 Rcb6 31.Rff3 Be7 32.b4 e5 33.Ne4 exf4 34.Rxf4 Rb5 35.Nf6+ Bxf6
36.gxf6 Rh5 37.Rfd4 Re8 38.Rd8 Kf8 39.c4 Rxh6 40.b5 axb5 41.cxb5 Rh5 42.a4 Rh4
43.a5 Ra4 44.a6 h5 45.Rxe8+ Kxe8 46.Re3+  1-0

[Event "3rd Open"]
[Site "Patras GRE"]
[Date "2001.07.20"]
[Round "3"]
[White "Frhat,A"]
[Black "Genov,Peta"]
[Result "0-1"]
[WhiteElo "2289"]
[BlackElo "2473"]

1.e4 c5 2.Nf3 d6 3.d4 cxd4 4.Nxd4 Nf6 5.Nc3 a6 6.Be3 e6 7.f3 b5 8.g4 Nfd7
9.Qd2 Nb6 10.Qf2 N8d7 11.a3 Bb7 12.h4 Rc8 13.g5 d5 14.exd5 Nxd5 15.Nxd5 Bxd5
16.Rg1 Bc5 17.f4 O-O 18.Bh3 b4 19.h5 bxa3 20.bxa3 Qa5+ 21.Kf1 Qc3 22.Rd1 Qc4+
23.Qe2 Bxa3 24.g6 fxg6 25.hxg6 h6 26.Qxc4 Bxc4+ 27.Kg2 Nc5 28.Kh2 Ne4 29.Nf3 Be2  0-1

[Event "Dutch Open"]
[Site "Dieren NED"]
[Date "2001.07.21"]
[Round "5"]
[White "Meijers,V"]
[Black "L'Ami,E"]
[Result "0-1"]
[WhiteElo "2449"]
[BlackElo "2275"]

1.e4 c5 2.Nf3 d6 3.d4 cxd4 4.Nxd4 Nf6 5.Nc3 a6 6.Be3 e5 7.Nf3 Be7 8.a4 O-O
9.a5 Nc6 10.Bb6 Qe8 11.Bc4 Be6 12.Bd5 Rc8 13.O-O Qd7 14.Re1 Bd8 15.Re2 Bxb6
16.axb6 Bxd5 17.Nxd5 Nxd5 18.Qxd5 Ne7 19.Qb3 Rc6 20.Rd2 Qe6 21.Qb4 Nc8 22.b3 Rxb6
23.Qc3 Rc6 24.Qe3 b5 25.h3 Qe7 26.Qe2 Qc7 27.Ne1 Ne7 28.Nd3 a5 29.Nb2 Rc5
30.c4 Nc6 31.Nd3 Nd4 32.Qd1 Rc6 33.cxb5 Nxb5 34.b4 Nc3 35.Qe1 a4 36.Rc2 Nxe4
37.Rxc6 Qxc6 38.b5 Qc4 39.Qe3 Nf6 40.Rb1 Nd5 41.Qd2 a3 42.b6 a2 43.Rc1 Nxb6
44.Rxc4 a1=Q+ 45.Rc1 Qd4 46.Qe2 Nd5 47.g3 Nc3 48.Qc2 Ne4 49.Kg2 Ng5 50.h4 Qe4+
51.Kh2 Nf3+ 52.Kh3 Qf5+ 53.Kg2 Qg4 54.h5 Qe4 55.Kh3 Ng5+ 56.Kh2 Qf5 57.Qe2 Ne6
58.Ra1 e4 59.Ne1 d5 60.Ra5 h6 61.Kg1 Ng5 62.Kg2 Rd8 63.g4 Qf4 64.Qd1 Nf3
65.Nxf3 Qxg4+ 66.Kf1 exf3 67.Rxd5 Re8  0-1

[Event "ch-Paris Open"]
[Site "Paris FRA"]
[Date "2001.07.22"]
[Round "2"]
[White "Fressinet,L"]
[Black "Appendino,J"]
[Result "1-0"]
[WhiteElo "2606"]
[BlackElo "2217"]

1.e4 c5 2.Nf3 d6 3.d4 cxd4 4.Nxd4 Nf6 5.Nc3 a6 6.Be3 e6 7.Be2 Nbd7 8.f4 b5
9.Bf3 Bb7 10.e5 Bxf3 11.Qxf3 dxe5 12.Nc6 Qc7 13.fxe5 Rc8 14.exf6 Qxc6 15.Ne4 Nxf6
16.Nxf6+ gxf6 17.Qxf6 Qxg2 18.Rf1 Qg7 19.Qf3 f5 20.O-O-O Qc7 21.Rf2 h5 22.Re2 Kf7
23.Bd4 Rh7 24.Rg1 Bc5 25.Bxc5 Qxc5 26.Qg3  1-0

[Event "Lasker Mem Open"]
[Site "Barlinek CZE"]
[Date "2001.07.23"]
[Round "7"]
[White "Dworakowska,J"]
[Black "Abbasov,F"]
[Result "0-1"]
[WhiteElo "2350"]
[BlackElo "2426"]

1.e4 c5 2.Nf3 d6 3.d4 Nf6 4.Nc3 cxd4 5.Nxd4 a6 6.Be3 e5 7.Nb3 Be6 8.f3 Nbd7
9.g4 Be7 10.Qd2 Qc7 11.O-O-O O-O 12.h4 Rfc8 13.Kb1 Nb6 14.Qf2 Nfd7 15.g5 Qd8
16.Nd5 Nxd5 17.exd5 Bf5 18.Bd3 Bxd3 19.Rxd3 a5 20.f4 a4 21.Nd2 Qc7 22.Ne4 Qc4
23.Qg2 exf4 24.Bxf4 Nc5 25.Nxc5 Qxf4 26.Nd7 Re8 27.a3 Qf5 28.Nb6 Ra6 29.Rf1 Qg6
30.Qf3 h5 31.Nd7 Raa8 32.Qh3 Bd8 33.Rdf3 Re2 34.Rf5 Rc8 35.Rc1 Rc7 36.Nb6 Re4
37.Rf2 Rc5 38.Nd7 Rcc4 39.Qd3 Rcd4 40.Qb5 Rxh4 41.Rcf1 Rc4 42.Qxb7 Rc7 43.Nf6+ gxf6
44.Qb8 Kg7 45.Qxd8 Rhc4 46.gxf6+ Kh7 47.Rc1 Qg3 48.Qf8 Rg4 49.Rf5 Rg5  0-1

[Event "MTO"]
[Site "Biel SUI"]
[Date "2001.07.23"]
[Round "1"]
[White "Vovsha,E"]
[Black "Astengo,C"]
[Result "1-0"]
[WhiteElo "2382"]
[BlackElo "2103"]

1.e4 c5 2.Nf3 d6 3.d4 cxd4 4.Nxd4 Nf6 5.Nc3 a6 6.Be3 e5 7.Nb3 Be6 8.f3 Be7
9.Qd2 Nbd7 10.g4 Rc8 11.O-O-O b5 12.g5 Nh5 13.Nd5 Bxd5 14.exd5 Nb6 15.Na5 Nxd5
16.Qxd5 Qxa5 17.Bh3 Rc4 18.Bg4 Nf4 19.Bxf4 Rxf4 20.Qc6+ Kf8 21.Rxd6 g6 22.Kb1 Bxg5
23.h4 Bxh4 24.Qc5 Kg8 25.Qxe5 Rxg4 26.fxg4 Bd8 27.Rd7  1-0

[Event "MTO"]
[Site "Biel SUI"]
[Date "2001.07.23"]
[Round "1"]
[White "Ermeni,A"]
[Black "Kempinski,R"]
[Result "1/2-1/2"]
[WhiteElo "2245"]
[BlackElo "2595"]

1.e4 c5 2.Nf3 d6 3.d4 cxd4 4.Nxd4 Nf6 5.Nc3 a6 6.Be3 Ng4 7.Bg5 h6 8.Bh4 g5
9.Be2 Bg7 10.Bg3 h5 11.h4 gxh4 12.Bxh4 Nc6 13.Nf5 Bxf5 14.exf5 Qa5 15.Rh3 Qxf5
16.Kf1 Bd4 17.Bf3 Be5 18.Nd5 Rc8 19.c3 e6 20.Nb6 Rb8 21.Qa4 d5 22.Re1 Nh2+
23.Rxh2 Bxh2 24.Nxd5 Qd3+ 25.Re2 Qb1+ 26.Re1 Qd3+ 27.Re2 Qb1+  1/2-1/2

[Event "Dutch Open"]
[Site "Dieren NED"]
[Date "2001.07.23"]
[Round "6"]
[White "Wemmers,X"]
[Black "Lahaye,R"]
[Result "0-1"]
[WhiteElo "2315"]
[BlackElo "2177"]

1.e4 c5 2.Nf3 d6 3.d4 cxd4 4.Nxd4 Nf6 5.Nc3 a6 6.Be3 e5 7.Nb3 Be6 8.f3 Nbd7
9.Qd2 Be7 10.O-O-O h5 11.Kb1 Rc8 12.Qf2 b5 13.Nd5 Nxd5 14.exd5 Bf5 15.Bd3 Bxd3
16.Rxd3 a5 17.a3 b4 18.a4 O-O 19.g4 hxg4 20.fxg4 Rc4 21.Rg1 Nf6 22.g5 Ne4
23.Qe2 Qc7 24.Bc1 Rc8 25.Rh3 g6 26.Rg4 Rxc2 27.Qxe4 Rxc1+ 28.Nxc1 Qxc1+ 29.Ka2 Qd1
30.Rgh4 b3+ 31.Ka3 Qa1+ 32.Kxb3 Rb8+ 33.Kc4 Rb4+ 34.Kd3 Qb1+ 35.Kc3 Qxb2+
36.Kd3 Qb3+ 37.Kd2 Bxg5+  0-1

[Event "Czech Open"]
[Site "Pardubice CZE"]
[Date "2001.07.23"]
[Round "4"]
[White "Cioara,A"]
[Black "Vokac,M"]
[Result "0-1"]
[WhiteElo "2403"]
[BlackElo "2507"]

1.e4 c5 2.Nf3 d6 3.d4 cxd4 4.Nxd4 Nf6 5.Nc3 a6 6.Be3 e5 7.Nb3 Be6 8.Qd2 Be7
9.f3 O-O 10.O-O-O a5 11.Bb5 Na6 12.Kb1 Nc7 13.Qe2 Qc8 14.Bc4 a4 15.Nc1 a3
16.b3 b5 17.Bxb5 Nxb5 18.Nxb5 d5 19.exd5 Nxd5 20.Bd2 Bf5 21.Nd3 Rb8 22.c4 Nb6
23.Ka1 Nxc4 24.Rc1 Qd7 25.bxc4 Bxd3 26.Qe3 Rfc8 27.Rhd1 Bxc4 28.Nxa3 Bxa3
29.Qxa3 Be2 30.Rxc8+ Rxc8 31.Rc1 Rxc1+ 32.Qxc1 f6 33.Qc3 Qd5 34.Kb2 Bf1 35.g3 Bd3
36.f4 e4 37.a3 h5 38.Be3 Kh7 39.Qc5 Qb7+ 40.Qb6 Qc8 41.Qc5 Qh3 42.Bg1 Kg6
43.Qf2 Qg4 44.Kc1 Qe6 45.Kb2 Qd7 46.Qd4 Qg4 47.Kc1 h4 48.Qf2 Qe6 49.Kb2 hxg3
50.hxg3 Kh5 51.Qh2+ Kg6 52.Qf2 Qd7 53.Qd4 Qg4 54.Bf2 Qe2+ 55.Kc3 Qc2+ 56.Kb4 Qd2+
57.Kb3 Kh5 58.f5 Kg4 59.Be3 Qe1 60.Qa7 Qb1+  0-1

[Event "MTO"]
[Site "Biel SUI"]
[Date "2001.07.24"]
[Round "2"]
[White "Senff,M"]
[Black "Costantini,R"]
[Result "0-1"]
[WhiteElo "2459"]
[BlackElo "2287"]

1.e4 c5 2.Nf3 d6 3.d4 cxd4 4.Nxd4 Nf6 5.Nc3 a6 6.Be3 e5 7.Nf3 Be7 8.Bc4 Be6
9.Bxe6 fxe6 10.Ng5 Qd7 11.Qf3 Nc6 12.Qh3 Nd8 13.Bb6 h6 14.O-O-O O-O 15.Bxd8 hxg5
16.Bxe7 Qxe7 17.Qg3 Nh5 18.Qg4 g6 19.Rd2 Kg7 20.Rhd1 Rad8 21.g3 b5 22.a3 Kh7
23.h3 Kg7 24.Qe2 Nf6 25.Qe3 Ne8 26.Qb6 Ra8 27.a4 Qa7 28.Qxa7+ Rxa7 29.axb5 axb5
30.b4 Rb7 31.Kb2 Kf7 32.Ra1 Ke7 33.Rf1 Nc7 34.Ne2 Ra7 35.Rdd1 Ra4 36.c3 Na8
37.Ra1 Rxa1 38.Kxa1 Nb6 39.Nc1 Nc4 40.Nd3  0-1

[Event "MTO"]
[Site "Biel SUI"]
[Date "2001.07.25"]
[Round "3"]
[White "Costantini,R"]
[Black "Rashkovsky,N"]
[Result "1/2-1/2"]
[WhiteElo "2287"]
[BlackElo "2497"]

1.e4 c5 2.Nf3 d6 3.d4 cxd4 4.Nxd4 Nf6 5.Nc3 a6 6.Be3 e5 7.Nb3 Be7 8.f3 Be6
9.Qd2 h5 10.O-O-O Nbd7 11.Kb1 Rc8 12.h3 Nb6 13.Bxb6 Qxb6 14.Bd3 h4 15.f4 Rc7
16.Rhe1 O-O 17.fxe5 dxe5 18.Nd5 Bxd5 19.exd5 Nxd5 20.Rxe5 Nb4 21.Be4 g6 22.c3 Qf6
23.Ra5 Rd8 24.Qe2 Rxd1+ 25.Qxd1 Nc6 26.Rd5 Ne5 27.Qd4 Qf1+ 28.Qd1 Qxd1+ 29.Rxd1 f5
30.Bd5+ Kg7 31.Nd4 Kf6 32.Nf3 g5 33.Nxe5 Kxe5 34.c4 b5 35.b3 g4 36.hxg4 fxg4
37.Rf1 Bc5 38.Re1+ Kf4 39.Re6 bxc4 40.bxc4 Kg3 41.Rxa6 Re7 42.Re6 Rf7 43.Rg6 Rf2
44.a4 Kf4 45.Rf6+  1/2-1/2

[Event "MTO"]
[Site "Biel SUI"]
[Date "2001.07.26"]
[Round "4"]
[White "Kobalija,M"]
[Black "Costantini,R"]
[Result "1-0"]
[WhiteElo "2595"]
[BlackElo "2287"]

1.e4 c5 2.Nf3 d6 3.d4 Nf6 4.Nc3 cxd4 5.Nxd4 a6 6.Be3 e5 7.Nb3 Be6 8.f3 Be7
9.Qd2 O-O 10.O-O-O Nbd7 11.g4 Qc7 12.Kb1 b5 13.g5 Nh5 14.Ne2 Rfc8 15.Ng3 Nf4
16.h4 g6 17.Bxf4 exf4 18.Ne2 Ne5 19.Nxf4 Nxf3 20.Qe2 Bg4 21.Nd5 Ne5 22.Qd2 Qa7
23.Be2 Be6 24.Nf6+ Bxf6 25.gxf6 Kh8 26.Qxd6 Bxb3 27.axb3 Qc7 28.Qxc7 Rxc7
29.Rd6 Rd7 30.Rhd1 Rad8 31.Rxd7 Rxd7 32.Rd5 Rxd5 33.exd5 Nd7 34.d6 Nxf6 35.Bg4  1-0

[Event "Dutch Open"]
[Site "Dieren NED"]
[Date "2001.07.26"]
[Round "9"]
[White "Van den Doel,E"]
[Black "L'Ami,E"]
[Result "1-0"]
[WhiteElo "2607"]
[BlackElo "2275"]

1.e4 c5 2.Nf3 d6 3.d4 cxd4 4.Nxd4 Nf6 5.Nc3 a6 6.Be3 e5 7.Nb3 Be6 8.f3 Nbd7
9.g4 b5 10.g5 b4 11.Ne2 Nh5 12.Qd2 Be7 13.Ng3 Nf4 14.h4 h6 15.Bxf4 exf4 16.Nh5 hxg5
17.Nxg7+ Kf8 18.Nxe6+ fxe6 19.Nd4 Nc5 20.O-O-O Qc8 21.Bc4 gxh4 22.Qxf4+ Ke8
23.Qg4 Rh6 24.f4 Ra7 25.Qg7  1-0

[Event "Czech Open"]
[Site "Pardubice CZE"]
[Date "2001.07.26"]
[Round "7"]
[White "Cioara,A"]
[Black "Vorobiov,E"]
[Result "0-1"]
[WhiteElo "2403"]
[BlackElo "2503"]

1.e4 c5 2.Nf3 d6 3.d4 cxd4 4.Nxd4 Nf6 5.Nc3 a6 6.Be3 e6 7.f3 b5 8.g4 h6 9.Qd2 Nbd7
10.O-O-O Bb7 11.h4 b4 12.Na4 Qa5 13.b3 Nc5 14.a3 Nxa4 15.bxa4 Qc7 16.axb4 Nd7
17.Nb3 d5 18.Kb2 Rc8 19.c3 Be7 20.exd5 Bxd5 21.Bxa6 O-O 22.c4 Bf6+ 23.Ka3 Ra8
24.Bb5 Bc6 25.Qd6 Bxb5 26.cxb5 Qc2  0-1

[Event "Keres Mem Open"]
[Site "Tallinn EST"]
[Date "2001.07.26"]
[Round "2"]
[White "Rytshagov,M"]
[Black "Krupenski,Y"]
[Result "1-0"]
[WhiteElo "2501"]
[BlackElo "2231"]

1.e4 c5 2.Nf3 d6 3.d4 cxd4 4.Nxd4 Nf6 5.Nc3 a6 6.Be3 Nc6 7.Be2 e6 8.f4 Be7
9.Qd2 O-O 10.O-O-O Nd7 11.Kb1 Nxd4 12.Qxd4 b5 13.f5 Rb8 14.fxe6 fxe6 15.Qa7 Kh8
16.e5 Bb7 17.exd6 Bf6 18.Bd4 e5 19.Be3 Bxg2 20.Rhg1 Rb7 21.Qxa6 Nb8 22.Qa8 Bc6
23.Nd5 Qxd6 24.Nxf6 Qxf6 25.Rdf1 Qe7 26.Bg5 Rf6 27.Bg4 Be4 28.Bf3 Bxf3 29.Rxf3  1-0

[Event "Keres Mem Open"]
[Site "Tallinn EST"]
[Date "2001.07.26"]
[Round "3"]
[White "Kulaots,K"]
[Black "Karjakin,Sergei"]
[Result "1-0"]
[WhiteElo "2529"]
[BlackElo "2171"]

1.e4 c5 2.Nf3 d6 3.d4 cxd4 4.Nxd4 Nf6 5.Nc3 a6 6.Be3 Ng4 7.Bg5 h6 8.Bh4 g5
9.Bg3 Bg7 10.Be2 h5 11.Bxg4 hxg4 12.Nd5 Nc6 13.Nf5 Bxf5 14.exf5 Ne5 15.c3 Rc8
16.Bxe5 Bxe5 17.Qxg4 f6 18.g3 Rc5 19.Qa4+ b5 20.Qe4 Rc4 21.Qd3 g4 22.O-O-O Kf7
23.h3 Qa5 24.Kb1 Rg8 25.hxg4 Rcxg4 26.Rh7+ Kf8 27.Nxe7 b4 28.Qf3 R4g7 29.Ng6+ Ke8
30.Qc6+ Kd8 31.Qa8+ Kc7 32.Qxg8  1-0

[Event "Czech Open"]
[Site "Pardubice CZE"]
[Date "2001.07.27"]
[Round "8"]
[White "Fontaine,R"]
[Black "Bromberger,S"]
[Result "1-0"]
[WhiteElo "2452"]
[BlackElo "2353"]

1.e4 c5 2.Nf3 d6 3.d4 cxd4 4.Nxd4 Nf6 5.Nc3 a6 6.Be3 e6 7.g4 e5 8.Nf5 g6
9.g5 gxf5 10.exf5 d5 11.gxf6 d4 12.Bc4 Qc7 13.Qd3 dxe3 14.O-O-O Bh6 15.fxe3 Nd7
16.Nd5 Qd6 17.Qc3 Kd8 18.Rhf1 Rb8 19.Kb1 Rg8  1-0

[Event "Czech Open"]
[Site "Pardubice CZE"]
[Date "2001.07.28"]
[Round "9"]
[White "Simacek,P"]
[Black "Groszpeter,A"]
[Result "1/2-1/2"]
[WhiteElo "2404"]
[BlackElo "2495"]

1.e4 c5 2.Nf3 d6 3.Nc3 Nf6 4.d4 cxd4 5.Nxd4 a6 6.Be3 e5 7.Nf3 Be7 8.Bc4 O-O
9.O-O Be6 10.Qd3 Nc6 11.Bxe6 fxe6 12.Ng5 Qd7 13.Na4 Bd8 14.Rad1 h6 15.Nh3 Bc7
16.Nb6 Bxb6 17.Bxb6 d5 18.c4 Qf7 19.cxd5 exd5 20.exd5 Nb4 21.Qb3 Nbxd5 22.Rfe1 Rfe8
23.a3 Rac8 24.Rd2 Rc6 25.Be3 Nf4 26.Qxf7+ Kxf7 27.Kf1 Nxh3 28.gxh3 Rec8 29.f3 Rc2
30.Ke2 Nd5 31.Kd3 Nxe3 32.Rxe3 Rxd2+ 33.Kxd2 Kf6 34.Rb3 b5 35.Rb4 Ra8 36.Kd3 Ra7
37.a4 Rb7 38.axb5 axb5  1/2-1/2